Normal view MARC view
  • Ahmer Waheed

Entry Personal Name

Number of records used in: 1

001 - CONTROL NUMBER

  • control field: 48080

003 - CONTROL NUMBER IDENTIFIER

  • control field: NUST

005 - DATE AND TIME OF LATEST TRANSACTION

  • control field: 20210314133951.0

008 - FIXED-LENGTH DATA ELEMENTS

  • fixed length control field: 210314|| aca||aabn | a|a d

040 ## - CATALOGING SOURCE

  • Original cataloging agency: NUST
  • Transcribing agency: NUST

100 ## - HEADING--PERSONAL NAME

  • Personal name: Ahmer Waheed

670 ## - SOURCE DATA FOUND

  • Source citation: Work cat.: (NUST): Ahmer Waheed, Low Flow Simulation of River Indus, 26-5-2007
© 2023 Central Library, National University of Sciences and Technology. All Rights Reserved.